000 00587pam a2200217 i 4500
001 4612433
005 20180222080930.0
008 780215s1978 nyu b 001 0 eng
010 _a 77020412
020 _a0465090958
040 _aDLC
_cDLC
_dDLC
041 _aeng
080 _a330 WAN
082 0 0 _a330 WAN
100 1 _a52
101 _aEKO
245 1 4 _aThe way the world works :
_cJude Wanniski.
504 _aIncludes bibliographical references and index.
906 _a7
_bcbc
_corignew
_d1
_eocip
_f19
_gy-gencatlg
942 _2ddc
_cBK
999 _c43202
_d43202